000 00641nam a2200157 i 4500
001 182060
003 ES-MaACL
005 20250806033927.0
008 130528s1898 sp |||| | spa d
245 0 0 _aConsejos profesionales y Principios de Deontología médica adoptados por "L'Association des medecins de la Gironde /
_ctraducidos para uso del Sindicado médico de la provincia de Gerona.
260 _aGerona :
_b[s.n.],
_c1898 (
_fImpr. y librería de Paciano Torres)
300 _a46 p. ;
_c24 cm.
650 7 _aÉtica médica
_2embne
_912587
852 _aES-MaACL
_jT-833-F-8
_z.- Enc. en un vol. facticio
999 _c182060
_d182060